[Event "ECF National club Open"]
[Site "Kingston-upon-Hull, ENG"]
[Date "2023.10.20"]
[Round "1.201"]
[White "Longson, Alexander"]
[Black "Hyreshenko, Kamila"]
[Result "0-1"]
[WhiteElo "2241"]
[BlackElo "2240"]
[PlyCount "66"]
[EventDate "2023.10.20"]
[WhiteTeam "3Cs"]
[BlackTeam "Hull Chess Club 1"]

1. e4 g6 2. d4 Bg7 3. Nf3 d6 4. Bc4 e6 5. Bb3 Ne7 6. O-O O-O 7. a4 h6 8. Re1
Nd7 9. Nbd2 Nc6 10. Nf1 e5 11. c3 Re8 12. a5 exd4 13. cxd4 Nf6 14. Ng3 Bg4 15.
Be3 Nxe4 16. Nxe4 Rxe4 17. Bd5 Re7 18. a6 Rb8 19. Qd2 Bxf3 20. Bxf3 d5 21. Rec1
Re6 22. Rc5 Ne7 23. axb7 Rxb7 24. Bxh6 Bxh6 25. Qxh6 Rxb2 26. g3 Qb8 27. Qc1 c6
28. Kg2 Qb4 29. Qc3 Qb8 30. h4 Nf5 31. Bg4 Re3 32. Bxf5 Qxg3+ 33. Kh1 Qf3+ 0-1

[Event "ECF National club Open"]
[Site "Kingston-upon-Hull, ENG"]
[Date "2023.10.20"]
[Round "1.204"]
[White "Varley, Joe"]
[Black "Walton, Alan J"]
[Result "0-1"]
[WhiteElo "2125"]
[BlackElo "2114"]
[PlyCount "92"]
[EventDate "2023.10.20"]
[WhiteTeam "Hull Chess Club 1"]
[BlackTeam "3Cs"]

1. e4 e6 2. d4 d5 3. Nd2 a6 4. Bd3 c5 5. exd5 exd5 6. Ngf3 Nc6 7. O-O c4 8. Be2
Bd6 9. Re1 Nge7 10. Nf1 O-O 11. Bg5 f6 12. Bd2 Qb6 13. Ne3 Be6 14. Bf1 Bf7 15.
Bc3 Qc7 16. g3 b5 17. a3 Bh5 18. Bg2 f5 19. Qd2 f4 20. gxf4 Bxf4 21. Ne5 Rad8
22. Nxc6 Nxc6 23. Nxd5 Bxd2 24. Nxc7 Bxe1 25. Rxe1 Nxd4 26. Bd5+ Rxd5 27. Nxd5
Nf3+ 28. Kf1 Nxe1 29. Kxe1 Rd8 30. Ne3 Bf3 31. Bd2 g6 32. c3 Re8 33. Kf1 Re5
34. Bc1 Kf7 35. Nc2 Be2+ 36. Kg2 Bd3 37. Nd4 Re1 38. Bf4 Rb1 39. Bd6 Rxb2 40.
Kf3 Rb1 41. Nc6 Re1 42. Nb4 Be4+ 43. Kf4 Bb7 44. Bc5 g5+ 45. Kg3 Rg1+ 46. Kh3
Bc8# 0-1

[Event "ECF National club Open"]
[Site "Kingston-upon-Hull, ENG"]
[Date "2023.10.20"]
[Round "1.203"]
[White "Ciuravin, Andrei"]
[Black "Rocco, Federico"]
[Result "1-0"]
[WhiteElo "2178"]
[BlackElo "2184"]
[PlyCount "137"]
[EventDate "2023.10.20"]
[WhiteTeam "Hull Chess Club 1"]
[BlackTeam "Warwick University"]

1. d4 Nf6 2. Nf3 e6 3. e3 b6 4. Bd3 Bb7 5. Nbd2 d5 6. O-O c5 7. b3 Nc6 8. Bb2
Bd6 9. a3 Qc7 10. c4 cxd4 11. exd4 O-O 12. Qe2 dxc4 13. bxc4 Ne7 14. Rac1 Ng6
15. g3 Qe7 16. Ra1 Rac8 17. Rfc1 Rc7 18. a4 a5 19. Bc3 Rfc8 20. c5 bxc5 21.
Bxa5 cxd4 22. Bxc7 Rxc7 23. Nxd4 Nd5 24. Nb5 Ndf4 25. Qe3 Bc5 26. Rxc5 Nh3+ 27.
Kf1 Rxc5 28. Ne4 Re5 29. f4 Nhxf4 30. gxf4 Nxf4 31. Nbc3 Nd5 32. Qg3 Rf5+ 33.
Nf2 Rxf2+ 34. Qxf2 Nxc3 35. a5 Qd8 36. Bc4 Ne4 37. Qb2 Nd2+ 38. Ke1 Nf3+ 39.
Ke2 Nd4+ 40. Kf1 Qf6+ 41. Qf2 Nf3 42. Rc1 Nxh2+ 43. Ke1 Qe5+ 44. Kd1 Ng4 45.
Qb6 Bf3+ 46. Kc2 h5 47. Kb3 Ne3 48. Re1 Bd1+ 49. Ka2 Qh2+ 50. Be2 Bxe2 51. Qxe3
Bd3+ 52. Ka3 Qd6+ 53. Ka4 Qc6+ 54. Ka3 Qc3+ 55. Ka4 h4 56. Qe5 Qc4+ 57. Ka3 h3
58. Re3 h2 59. Qb8+ Kh7 60. Qxh2+ Kg8 61. Qb8+ Kh7 62. Rh3+ Kg6 63. Qg3+ Kf6
64. Qxd3 Qc5+ 65. Kb3 Qxa5 66. Qc3+ Qxc3+ 67. Kxc3 g5 68. Kd4 g4 69. Rh8 1-0

[Event "ECF National club Open"]
[Site "Kingston-upon-Hull, ENG"]
[Date "2023.10.20"]
[Round "1.206"]
[White "Magzumov, Damirali"]
[Black "Larchikov, Maksym"]
[Result "1/2-1/2"]
[WhiteElo "1539"]
[BlackElo "2072"]
[PlyCount "121"]
[EventDate "2023.10.20"]
[WhiteTeam "Warwick University"]
[BlackTeam "Hull Chess Club 1"]

1. e4 c5 2. Nf3 d6 3. d4 cxd4 4. Nxd4 Nf6 5. Nc3 a6 6. Bg5 e6 7. f4 Be7 8. Qf3
Nbd7 9. O-O-O Qc7 10. g4 b5 11. Bxf6 Nxf6 12. g5 Nd7 13. f5 Bxg5+ 14. Kb1 Ne5
15. Qh5 Bf6 16. fxe6 O-O 17. Nd5 Qd8 18. Bh3 g6 19. Qe2 Ra7 20. Rhf1 Bh4 21.
Qe3 Rb7 22. Rg1 Kh8 23. Qc3 fxe6 24. Nc6 Qe8 25. Nxe5 dxe5 26. Qxe5+ Kg8 27.
Nc7 Qf7 28. Rgf1 Bf6 29. Qxe6 Bxe6 30. Bxe6 Rxc7 31. Rxf6 Qxe6 32. Rxe6 Rf2 33.
c3 b4 34. Rd3 bxc3 35. Rxc3 Rxc3 36. bxc3 Rxh2 37. c4 Re2 38. c5 Kf7 39. Rxa6
Rxe4 40. Kb2 h5 41. Kc3 h4 42. c6 Re8 43. Kd4 h3 44. Ra7+ Re7 45. c7 h2 46.
c8=Q h1=Q 47. Qc4+ Kf8 48. Qc8+ Kf7 49. Qc4+ Kf8 50. Rxe7 Kxe7 51. Qc7+ Kf6 52.
Qf4+ Kg7 53. a4 Qc6 54. Qe5+ Kf7 55. Qd5+ Qxd5+ 56. Kxd5 Ke7 57. Kc6 g5 58. a5
g4 59. a6 g3 60. a7 g2 61. a8=Q 1/2-1/2

[Event "ECF National club Open"]
[Site "Kingston-upon-Hull, ENG"]
[Date "2023.10.20"]
[Round "1.202"]
[White "Stoyanov, Viktor"]
[Black "Bentley, John L"]
[Result "1/2-1/2"]
[WhiteElo "2342"]
[BlackElo "2105"]
[PlyCount "69"]
[EventDate "2023.10.20"]
[WhiteTeam "Warwick University"]
[BlackTeam "3Cs"]

1. d4 Nf6 2. c4 g6 3. Nf3 Bg7 4. g3 O-O 5. Bg2 d6 6. O-O c6 7. Nc3 Bf5 8. Re1
Ne4 9. Nxe4 Bxe4 10. Be3 Nd7 11. Qd2 d5 12. cxd5 cxd5 13. Rac1 Nb6 14. b3 Nc8
15. Bh3 Bxf3 16. exf3 e6 17. Qb4 Qb6 18. Qxb6 axb6 19. a4 Nd6 20. Bf4 Rfd8 21.
Red1 Bf8 22. Rc7 b5 23. axb5 Nxb5 24. Rxb7 Nc3 25. Rd2 Bg7 26. Bf1 Ra1 27. Kg2
h6 28. Rd3 Rc8 29. Rc7 Rxc7 30. Bxc7 Nb5 31. Bb6 Ra2 32. Rd1 Na3 33. Bc5 Nc2
34. Kg1 Ra1 35. Rxa1 1/2-1/2

[Event "ECF National club Open"]
[Site "Kingston-upon-Hull, ENG"]
[Date "2023.10.21"]
[Round "2.11"]
[White "Ashton, Adam G"]
[Black "Stoyanov, Viktor"]
[Result "1/2-1/2"]
[WhiteElo "2339"]
[BlackElo "2342"]
[PlyCount "48"]
[EventDate "2023.10.21"]
[WhiteTeam "3Cs"]
[BlackTeam "Warwick University"]

1. e4 c5 2. Nf3 Nc6 3. Bb5 d6 4. O-O Bd7 5. Re1 a6 6. Bf1 Bg4 7. c3 e6 8. d4
Bxf3 9. gxf3 Qh4 10. Be3 Nf6 11. Qb3 Rb8 12. Nd2 Be7 13. Rad1 O-O 14. Bg2 Nh5
15. d5 exd5 16. Qxd5 Nf4 17. Bxf4 Qxf4 18. Nc4 Rfd8 19. Qd2 Qh4 20. f4 b5 21.
Na3 Rbc8 22. Nc2 Bf8 23. Qe3 Qh6 24. Qg3 Ne7 1/2-1/2

[Event "ECF National club Open"]
[Site "Kingston-upon-Hull, ENG"]
[Date "2023.10.21"]
[Round "2.12"]
[White "Rocco, Federico"]
[Black "Longson, Alexander"]
[Result "1/2-1/2"]
[WhiteElo "2184"]
[BlackElo "2241"]
[PlyCount "64"]
[EventDate "2023.10.21"]
[WhiteTeam "Warwick University"]
[BlackTeam "3Cs"]

1. e4 e5 2. Nf3 Nc6 3. Bb5 a6 4. Ba4 Nf6 5. O-O Be7 6. d3 b5 7. Bb3 d6 8. h3
Na5 9. Nbd2 O-O 10. Re1 Re8 11. c3 Nxb3 12. Nxb3 Bf8 13. Qc2 h6 14. c4 c5 15.
Nbd2 g6 16. Nb1 b4 17. a3 Nh5 18. axb4 cxb4 19. Nbd2 Nf4 20. Nf1 Qf6 21. Bxf4
exf4 22. d4 Bb7 23. N1h2 Qd8 24. Rad1 Bg7 25. e5 dxe5 26. dxe5 Qc7 27. Qa4 Qxc4
28. Rd4 Qc6 29. Qxb4 Rxe5 30. Rxe5 Bxe5 31. Rc4 Qd5 32. Nf1 Bg7 1/2-1/2

[Event "ECF National club Open"]
[Site "Kingston-upon-Hull, ENG"]
[Date "2023.10.21"]
[Round "2.13"]
[White "Bentley, John L"]
[Black "Cont, Arya"]
[Result "0-1"]
[WhiteElo "2105"]
[BlackElo "2203"]
[PlyCount "40"]
[EventDate "2023.10.21"]
[WhiteTeam "3Cs"]
[BlackTeam "Warwick University"]

1. d4 d5 2. c4 c6 3. Nf3 Nf6 4. e3 g6 5. b3 Bg7 6. Bb2 Bf5 7. Nh4 Bxb1 8. Rxb1
Qa5+ 9. Qd2 Qxa2 10. Qc2 Qa5+ 11. Bc3 Qc7 12. Bd3 Nbd7 13. f4 O-O 14. O-O b6
15. f5 Ng4 16. Rf4 Nxe3 17. Qf2 g5 18. Rf3 Qxh2+ 19. Kxh2 Ng4+ 20. Kg1 Nxf2 0-1

[Event "ECF National club Open"]
[Site "Kingston-upon-Hull, ENG"]
[Date "2023.10.21"]
[Round "2.14"]
[White "Magzumov, Damirali"]
[Black "Walton, Alan J"]
[Result "0-1"]
[WhiteElo "1539"]
[BlackElo "2114"]
[PlyCount "116"]
[EventDate "2023.10.21"]
[WhiteTeam "Warwick University"]
[BlackTeam "3Cs"]

1. e4 e6 2. d4 d5 3. Nc3 Nf6 4. e5 Nfd7 5. f4 c5 6. Nf3 Nc6 7. Be3 cxd4 8. Nxd4
Bc5 9. Qd2 a6 10. O-O-O O-O 11. h4 Qe7 12. h5 Nxd4 13. Bxd4 b5 14. Bxc5 Nxc5
15. f5 exf5 16. Qf4 Bb7 17. Qxf5 Rae8 18. Qf2 Ne4 19. Nxe4 dxe4 20. Qb6 Qg5+
21. Kb1 Re7 22. e6 Qg4 23. exf7+ Rexf7 24. Re1 Qg3 25. Be2 Qxg2 26. Rhg1 Qf2
27. Qe6 Qf6 28. Qg4 Kh8 29. a3 Qf4 30. Qe6 Bc8 31. Qc6 Rc7 32. Qd5 Rd7 33. Qc5
Rc7 34. Qd5 Qf5 35. Qd6 Qc5 36. Qxc5 Rxc5 37. Bg4 Bxg4 38. Rxg4 Rxh5 39. Rexe4
Rhf5 40. Re6 R5f6 41. Re7 g6 42. Rd4 R8f7 43. Re8+ Kg7 44. a4 Rf4 45. Rxf4 Rxf4
46. axb5 axb5 47. Kc1 h5 48. Kd2 Rf2+ 49. Kd3 h4 50. Re3 Kf6 51. b3 g5 52. Rh3
Kf5 53. c4 Kg4 54. Rh1 Rf3+ 55. Kd4 Rxb3 56. cxb5 h3 57. Rg1+ Kh4 58. Ke4 h2
0-1

[Event "ECF National club Open"]
[Site "Kingston-upon-Hull, ENG"]
[Date "2023.10.21"]
[Round "2.21"]
[White "Sterck, Arno"]
[Black "Hyreshenko, Kamila"]
[Result "1-0"]
[WhiteElo "2264"]
[BlackElo "2240"]
[PlyCount "31"]
[EventDate "2023.10.21"]
[WhiteTeam "Heffalump Hunters"]
[BlackTeam "Hull Chess Club 1"]

1. Nf3 d6 2. d4 g6 3. e4 Bg7 4. h3 c6 5. a4 Nd7 6. Nc3 Qa5 7. Be3 Ngf6 8. Bd3
O-O 9. O-O e5 10. dxe5 dxe5 11. Bc4 Qb4 12. Bb3 Qe7 13. Qe2 h6 14. Qc4 Nh5 15.
Rfe1 Qf6 16. Rad1 1-0

[Event "ECF National club Open"]
[Site "Kingston-upon-Hull, ENG"]
[Date "2023.10.21"]
[Round "2.22"]
[White "Ciuravin, Andrei"]
[Black "Green, Michael"]
[Result "1/2-1/2"]
[WhiteElo "2178"]
[BlackElo "2017"]
[PlyCount "46"]
[EventDate "2023.10.21"]
[WhiteTeam "Hull Chess Club 1"]
[BlackTeam "Heffalump Hunters"]

1. d4 Nf6 2. Nf3 c5 3. d5 e6 4. c4 exd5 5. cxd5 d6 6. Nc3 g6 7. e4 a6 8. a4 Bg4
9. Be2 Bxf3 10. Bxf3 Bg7 11. O-O Nbd7 12. Bf4 Qe7 13. Qb3 Rb8 14. Rfe1 O-O 15.
h3 Ne8 16. Be2 Nc7 17. Bf1 Rfe8 18. Rad1 b6 19. Bg3 g5 20. Rd2 f5 21. f4 gxf4
22. Bxf4 Ne5 23. Kh1 Qh4 1/2-1/2

[Event "ECF National club Open"]
[Site "Kingston-upon-Hull, ENG"]
[Date "2023.10.21"]
[Round "2.23"]
[White "Vanden Bussche, Steven"]
[Black "Varley, Joe"]
[Result "1-0"]
[WhiteElo "2081"]
[BlackElo "2125"]
[PlyCount "75"]
[EventDate "2023.10.21"]
[WhiteTeam "Heffalump Hunters"]
[BlackTeam "Hull Chess Club 1"]

1. d4 Nf6 2. Bf4 g6 3. e3 Bg7 4. Nf3 O-O 5. Be2 c5 6. c3 b6 7. O-O Bb7 8. h3 d6
9. a4 a6 10. Nbd2 Nbd7 11. Bh2 Re8 12. Qb3 Qc7 13. Bc4 e6 14. Rfd1 Rad8 15. Be2
e5 16. dxe5 dxe5 17. Bc4 Re7 18. Ng5 Rf8 19. Qc2 Qc6 20. f3 b5 21. axb5 axb5
22. Bf1 Nd5 23. Re1 Bh6 24. h4 f6 25. e4 fxg5 26. exd5 Qb6 27. hxg5 c4+ 28. Kh1
Bxg5 29. Ne4 Bf4 30. Rad1 Ref7 31. Qf2 Qc7 32. Bxf4 exf4 33. Ng5 Rf5 34. Ne6
Qd6 35. Nxf8 Qxf8 36. Kg1 Nf6 37. d6 Nd5 38. d7 1-0

[Event "ECF National club Open"]
[Site "Kingston-upon-Hull, ENG"]
[Date "2023.10.21"]
[Round "2.24"]
[White "Larchikov, Maksym"]
[Black "Dunn, Maxim"]
[Result "1/2-1/2"]
[WhiteElo "2072"]
[BlackElo "2042"]
[PlyCount "47"]
[EventDate "2023.10.21"]
[WhiteTeam "Hull Chess Club 1"]
[BlackTeam "Heffalump Hunters"]

1. d4 d5 2. c4 c6 3. Nc3 Nf6 4. Nf3 e6 5. e3 Nbd7 6. Qc2 Bd6 7. b3 O-O 8. Be2
b6 9. O-O Bb7 10. Bb2 Rc8 11. e4 dxe4 12. Nxe4 Nxe4 13. Qxe4 Nf6 14. Qc2 c5 15.
Rad1 Qe7 16. dxc5 Bxc5 17. Ng5 e5 18. Bf3 Rfe8 19. Rde1 Bd6 20. Bxb7 Qxb7 21.
Qf5 Qc7 22. h3 Re7 23. Ne4 Nxe4 24. Qxe4 1/2-1/2

[Event "ECF National club Open"]
[Site "Kingston-upon-Hull, ENG"]
[Date "2023.10.21"]
[Round "3.11"]
[White "Stoyanov, Viktor"]
[Black "Sterck, Arno"]
[Result "1/2-1/2"]
[WhiteElo "2342"]
[BlackElo "2264"]
[PlyCount "29"]
[EventDate "2023.10.21"]
[WhiteTeam "Warwick University"]
[BlackTeam "Heffalump Hunters"]

1. d4 d5 2. c4 c6 3. Nf3 Nf6 4. Qc2 g6 5. cxd5 cxd5 6. Bf4 Nc6 7. Nc3 Bg7 8. e3
O-O 9. Be2 a6 10. h3 Bf5 11. Qb3 Ra7 12. O-O Na5 13. Qb4 Nc6 14. Qb3 Na5 15.
Qb4 1/2-1/2

[Event "ECF National club Open"]
[Site "Kingston-upon-Hull, ENG"]
[Date "2023.10.21"]
[Round "3.12"]
[White "Vanden Bussche, Steven"]
[Black "Rocco, Federico"]
[Result "1-0"]
[WhiteElo "2081"]
[BlackElo "2184"]
[PlyCount "63"]
[EventDate "2023.10.21"]
[WhiteTeam "Heffalump Hunters"]
[BlackTeam "Warwick University"]

1. d4 Nf6 2. Bf4 d5 3. e3 c5 4. c3 Nc6 5. Nd2 Qb6 6. Qb3 c4 7. Qc2 g6 8. e4
Nxe4 9. Nxe4 dxe4 10. Bxc4 Bg7 11. Ne2 O-O 12. Be3 Qc7 13. O-O Bf5 14. Rac1 e5
15. Bd5 Rad8 16. Bxe4 exd4 17. cxd4 Bxe4 18. Qxe4 Qa5 19. a3 Qb5 20. Rc2 Rfe8
21. Qf3 Bxd4 22. Rxc6 bxc6 23. Nxd4 Qxb2 24. Nxc6 Rd6 25. Bc5 Rde6 26. Bb4 a6
27. Na5 Rf6 28. Qg3 Rf5 29. Nb7 Rd5 30. Qf3 Qd4 31. g3 h5 32. Bc3 1-0

[Event "ECF National club Open"]
[Site "Kingston-upon-Hull, ENG"]
[Date "2023.10.21"]
[Round "3.13"]
[White "Cont, Arya"]
[Black "Green, Michael"]
[Result "1/2-1/2"]
[WhiteElo "2203"]
[BlackElo "2017"]
[PlyCount "71"]
[EventDate "2023.10.21"]
[WhiteTeam "Warwick University"]
[BlackTeam "Heffalump Hunters"]

1. d4 Nf6 2. Nf3 c5 3. e3 b6 4. Bd3 g6 5. c4 e6 6. Nc3 Bg7 7. O-O O-O 8. Qe2
Bb7 9. Rd1 Qe7 10. e4 cxd4 11. Nxd4 d6 12. Be3 Nbd7 13. Rac1 Nc5 14. f3 Nxd3
15. Qxd3 Rfd8 16. Qd2 Ne8 17. Ndb5 Rd7 18. c5 bxc5 19. Bxc5 a6 20. Na3 dxc5 21.
Qxd7 Qxd7 22. Rxd7 Bd4+ 23. Kf1 Bc6 24. Rxd4 cxd4 25. Ne2 Bb5 26. Nxb5 axb5 27.
Nxd4 Rxa2 28. Rc8 Kf8 29. Nxb5 Ke7 30. Rc2 Nd6 31. Nd4 e5 32. Nc6+ Ke6 33. Nb4
Ra1+ 34. Kf2 f5 35. exf5+ gxf5 36. Re2 1/2-1/2

[Event "ECF National club Open"]
[Site "Kingston-upon-Hull, ENG"]
[Date "2023.10.21"]
[Round "3.14"]
[White "Dunn, Maxim"]
[Black "Magzumov, Damirali"]
[Result "1-0"]
[WhiteElo "2042"]
[BlackElo "1539"]
[PlyCount "105"]
[EventDate "2023.10.21"]
[WhiteTeam "Heffalump Hunters"]
[BlackTeam "Warwick University"]

1. e4 c5 2. Nf3 d6 3. c3 Nf6 4. Bd3 g6 5. O-O Bg7 6. h3 O-O 7. Bc2 Nc6 8. d4
cxd4 9. cxd4 e5 10. d5 Ne7 11. Nc3 Ne8 12. Re1 h6 13. a4 f5 14. Bd3 f4 15. b3
g5 16. Nh2 Rf6 17. Ba3 Rg6 18. Rc1 Bd7 19. Bb5 a6 20. Bxd7 Qxd7 21. a5 Rc8 22.
Na4 Rxc1 23. Qxc1 Qb5 24. Qc3 h5 25. f3 Nf6 26. Qb4 Nfxd5 27. exd5 Nxd5 28.
Qxb5 axb5 29. Nb6 Nxb6 30. axb6 d5 31. Bc5 b4 32. Rd1 d4 33. Nf1 Rc6 34. Be7 g4
35. Nd2 gxf3 36. gxf3 Rxb6 37. Kf2 Kf7 38. Nc4 Rg6 39. Bxb4 Rg3 40. Rh1 Ke6 41.
Rg1 e4 42. Rxg3 e3+ 43. Kg2 fxg3 44. Kxg3 Kf5 45. Kg2 Bf6 46. Nb2 Bh4 47. Nd3
e2 48. Be1 Bxe1 49. Nxe1 Kg5 50. Nd3 Kh4 51. f4 b5 52. Kf3 Kxh3 53. f5 1-0

[Event "ECF National club Open"]
[Site "Kingston-upon-Hull, ENG"]
[Date "2023.10.21"]
[Round "3.21"]
[White "Hyreshenko, Kamila"]
[Black "Ashton, Adam G"]
[Result "0-1"]
[WhiteElo "2240"]
[BlackElo "2339"]
[PlyCount "116"]
[EventDate "2023.10.21"]
[WhiteTeam "Hull Chess Club 1"]
[BlackTeam "3Cs"]

1. e4 e5 2. Nf3 Nc6 3. Bb5 a6 4. Ba4 Nf6 5. O-O Be7 6. Re1 b5 7. Bb3 O-O 8. a4
Bb7 9. d3 d6 10. c3 Na5 11. Bc2 c5 12. Nbd2 Re8 13. Nf1 h6 14. d4 d5 15. dxe5
Nxe4 16. e6 fxe6 17. Ng3 Bf6 18. Nxe4 dxe4 19. Nd2 b4 20. Qe2 bxc3 21. bxc3
Bxc3 22. Ra3 Bxd2 23. Bxd2 Nc4 24. Rb3 Qxd2 25. Rxb7 Qxe2 26. Rxe2 Rab8 27. Rc7
Rec8 28. Rxc8+ Rxc8 29. g3 Nd6 30. f3 Kf7 31. fxe4 Ke7 32. e5 Nf7 33. Be4 Rc7
34. Bg6 c4 35. Kf2 Rc5 36. Rc2 Nxe5 37. Be4 Ra5 38. Ke3 Rxa4 39. Kd4 Kd6 40.
Bg2 Ra3 41. Bf1 g5 42. Rb2 Rb3 43. Ra2 Rb6 44. Be2 Rc6 45. h4 gxh4 46. gxh4 c3
47. Rc2 a5 48. h5 Rc5 49. Rxc3 Rxc3 50. Kxc3 Kd5 51. Bd1 Ke4 52. Kb3 Nd3 53.
Bc2 Kd4 54. Ka4 e5 55. Kxa5 e4 56. Kb5 e3 57. Bd1 Nf4 58. Kc6 Ke5 0-1

[Event "ECF National club Open"]
[Site "Kingston-upon-Hull, ENG"]
[Date "2023.10.21"]
[Round "3.22"]
[White "Longson, Alexander"]
[Black "Ciuravin, Andrei"]
[Result "1/2-1/2"]
[WhiteElo "2241"]
[BlackElo "2178"]
[PlyCount "43"]
[EventDate "2023.10.21"]
[WhiteTeam "3Cs"]
[BlackTeam "Hull Chess Club 1"]

1. e4 g6 2. d4 Bg7 3. Nc3 d6 4. Be3 c6 5. Qd2 b5 6. Bd3 Qc7 7. Nf3 Nd7 8. a4 b4
9. Ne2 a5 10. Ng3 h5 11. Bg5 e6 12. O-O Ne7 13. Rfe1 Ba6 14. Bxa6 Rxa6 15. Nf1
Ra8 16. c3 bxc3 17. bxc3 Nb6 18. Qd3 O-O 19. N1d2 Rfc8 20. Reb1 Kf8 21. c4 Nd7
22. Ra3 1/2-1/2

[Event "ECF National club Open"]
[Site "Kingston-upon-Hull, ENG"]
[Date "2023.10.21"]
[Round "3.23"]
[White "Varley, Joe"]
[Black "Bentley, John L"]
[Result "0-1"]
[WhiteElo "2125"]
[BlackElo "2105"]
[PlyCount "68"]
[EventDate "2023.10.21"]
[WhiteTeam "Hull Chess Club 1"]
[BlackTeam "3Cs"]

1. e4 c5 2. Nf3 Nc6 3. d4 cxd4 4. Nxd4 g6 5. c4 Bg7 6. Be3 Nf6 7. Nc3 Ng4 8.
Qxg4 Nxd4 9. Qd1 e5 10. Bd3 O-O 11. Qd2 d6 12. O-O-O Be6 13. h4 Rc8 14. b3 b5
15. Bxd4 bxc4 16. Be3 cxd3 17. Kb1 d5 18. exd5 e4 19. Nxe4 Rc2 20. dxe6 Rxd2
21. exf7+ Rxf7 22. Bxd2 Qd4 23. Nc3 Rxf2 24. Rh3 Rxg2 25. Rf3 Re2 26. Rf4 Qe5
27. Rc4 h5 28. Kc1 Kh7 29. Rg1 Rxd2 30. Kxd2 Qh2+ 31. Kxd3 Qxg1 32. Nd5 Qd1+
33. Ke4 Qg4+ 34. Kd3 Qf5+ 0-1

[Event "ECF National club Open"]
[Site "Kingston-upon-Hull, ENG"]
[Date "2023.10.21"]
[Round "3.24"]
[White "Walton, Alan J"]
[Black "Larchikov, Maksym"]
[Result "1-0"]
[WhiteElo "2114"]
[BlackElo "2072"]
[PlyCount "63"]
[EventDate "2023.10.21"]
[WhiteTeam "3Cs"]
[BlackTeam "Hull Chess Club 1"]

1. d4 d5 2. c4 e6 3. Nc3 Nf6 4. cxd5 exd5 5. Bg5 Be7 6. Qc2 c6 7. e3 O-O 8. Bd3
Nbd7 9. Nge2 Re8 10. f3 Nf8 11. O-O h6 12. Bh4 Ne6 13. Rad1 b6 14. Kh1 Bb7 15.
Bf5 Nf8 16. Bf2 g6 17. Bd3 Kg7 18. e4 dxe4 19. fxe4 Qc8 20. Ng3 Ng4 21. h3
Nxf2+ 22. Qxf2 Qe6 23. Qe2 b5 24. Bc2 Qd7 25. Bb3 Ne6 26. Qg4 Rf8 27. Nh5+ Kh7
28. Nf6+ Bxf6 29. Rxf6 h5 30. Bxe6 Qe8 31. Qg3 fxe6 32. Qc7+ 1-0

[Event "ECF National club Open"]
[Site "Kingston-upon-Hull, ENG"]
[Date "2023.10.22"]
[Round "4.11"]
[White "Hyreshenko, Kamila"]
[Black "Stoyanov, Viktor"]
[Result "1-0"]
[WhiteElo "2240"]
[BlackElo "2342"]
[PlyCount "107"]
[EventDate "2023.10.22"]
[WhiteTeam "Hull Chess Club 1"]
[BlackTeam "Warwick University"]

1. e4 e5 2. Nf3 Nc6 3. Bb5 a6 4. Ba4 Nf6 5. O-O Be7 6. Re1 b5 7. Bb3 d6 8. c3
O-O 9. h3 Nb8 10. d4 Nbd7 11. Nbd2 Bb7 12. Bc2 Re8 13. Nf1 Bf8 14. Ng3 g6 15.
Bg5 h6 16. Bd2 Bg7 17. h4 Kh7 18. Rb1 Nf8 19. b3 Bc8 20. Bd3 Bg4 21. d5 Qd7 22.
Be2 c6 23. c4 Reb8 24. a3 bxc4 25. bxc4 Qc8 26. Bb4 c5 27. Ba5 Rxb1 28. Qxb1
Rb8 29. Qc2 Nh5 30. Nxh5 Bxh5 31. Rb1 Bf6 32. Rb3 Nd7 33. Qb2 Rxb3 34. Qxb3 Kg7
35. Bd2 Kh7 36. Bd1 Be7 37. Qe3 Bf8 38. g4 Bxg4 39. Ng5+ hxg5 40. Bxg4 Qb7 41.
hxg5 Qb1+ 42. Kh2 Nb6 43. Be2 Qa2 44. Qc3 Na4 45. Qd3 Be7 46. Bd1 Nb6 47. Bb3
Qxa3 48. f4 a5 49. fxe5 dxe5 50. Qf3 Kg8 51. Qc3 a4 52. Qxe5 Nc8 53. Kh3 Qxb3+
54. Bc3 1-0

[Event "ECF National club Open"]
[Site "Kingston-upon-Hull, ENG"]
[Date "2023.10.22"]
[Round "4.12"]
[White "Cont, Arya"]
[Black "Ciuravin, Andrei"]
[Result "1/2-1/2"]
[WhiteElo "2203"]
[BlackElo "2178"]
[PlyCount "115"]
[EventDate "2023.10.22"]
[WhiteTeam "Warwick University"]
[BlackTeam "Hull Chess Club 1"]

1. Nf3 d6 2. b3 Nf6 3. Bb2 g6 4. d4 Bg7 5. Nc3 O-O 6. Qd2 c6 7. e4 b5 8. Bd3
Qc7 9. Ne2 Nbd7 10. a4 Rb8 11. axb5 cxb5 12. O-O a6 13. c4 bxc4 14. bxc4 Bb7
15. Nc3 e6 16. Qe2 Rfe8 17. Rfc1 Bf8 18. Ba3 Nh5 19. Qe3 Nhf6 20. Bb4 Qc8 21.
Ba5 Bg7 22. h3 e5 23. dxe5 Nxe5 24. Nxe5 Rxe5 25. Nd5 Re8 26. Rab1 Bxd5 27.
cxd5 Rxb1 28. Bxb1 Qb7 29. Qf4 Qb2 30. Qd2 Qb7 31. Qb4 Qe7 32. Rc4 Nh5 33. Bd3
Be5 34. Bf1 Qg5 35. Qb3 Qf6 36. Qb4 Qf4 37. g3 Nxg3 38. fxg3 Qe3+ 39. Kh1 Qxg3
40. Qd2 Rb8 41. Qg2 Qa3 42. Bd2 Rb2 43. Bc1 Rxg2 44. Bxa3 Ra2 45. Bc1 a5 46.
Bh6 f6 47. Rc8+ Kf7 48. Rc7+ Ke8 49. Bb5+ Kd8 50. Rd7+ Kc8 51. Be3 Rh2+ 52. Kg1
Rxh3 53. Ba7 Rb3 54. Bc6 a4 55. Re7 a3 56. Re8+ Kc7 57. Re7+ Kc8 58. Re8+
1/2-1/2

[Event "ECF National club Open"]
[Site "Kingston-upon-Hull, ENG"]
[Date "2023.10.22"]
[Round "4.13"]
[White "Varley, Joe"]
[Black "Rocco, Federico"]
[Result "0-1"]
[WhiteElo "2125"]
[BlackElo "2184"]
[PlyCount "110"]
[EventDate "2023.10.22"]
[WhiteTeam "Hull Chess Club 1"]
[BlackTeam "Warwick University"]

1. e4 c5 2. Nf3 d6 3. c3 Nf6 4. h3 Nc6 5. Bd3 g6 6. O-O Bg7 7. Re1 O-O 8. Bc2
e5 9. d3 h6 10. Be3 b6 11. Nbd2 d5 12. Nf1 d4 13. Bd2 dxc3 14. Bxc3 Nh5 15. Ba4
Nd4 16. Nxd4 exd4 17. Bd2 Qf6 18. g4 Qh4 19. Qf3 Nf6 20. Bc6 Rb8 21. Bf4 Bd7
22. Bxd7 Nxd7 23. Bxb8 Rxb8 24. Qg3 Qe7 25. f4 b5 26. Nd2 Rc8 27. b3 g5 28.
Rac1 gxf4 29. Qxf4 Ne5 30. Qf1 h5 31. Nf3 hxg4 32. Nxe5 Qxe5 33. Rc2 Qg3+ 34.
Rg2 Qxh3 35. Qf5 Rc6 36. Rxg4 Rh6 37. Qg5 Rg6 38. Qd8+ Kh7 39. Rxg6 fxg6 40.
Qc7 Qxd3 41. Qh2+ Bh6 42. e5 Kg7 43. Qh4 Be3+ 44. Kh1 Qf5 45. Qe7+ Qf7 46.
Qxf7+ Kxf7 47. Kg2 c4 48. Kf3 c3 49. Re2 d3 50. Rxe3 c2 51. e6+ Ke7 52. Rxd3
c1=Q 53. Rd7+ Kxe6 54. Rxa7 Qf1+ 55. Ke4 Qe2+ 0-1

[Event "ECF National club Open"]
[Site "Kingston-upon-Hull, ENG"]
[Date "2023.10.22"]
[Round "4.14"]
[White "Magzumov, Damirali"]
[Black "Larchikov, Maksym"]
[Result "1/2-1/2"]
[WhiteElo "1539"]
[BlackElo "2072"]
[PlyCount "108"]
[EventDate "2023.10.22"]
[WhiteTeam "Warwick University"]
[BlackTeam "Hull Chess Club 1"]

1. e4 c6 2. d4 d5 3. Nd2 dxe4 4. Nxe4 Bf5 5. Ng3 Bg6 6. h4 h6 7. Nf3 Nd7 8. h5
Bh7 9. Bd3 Bxd3 10. Qxd3 e6 11. Bd2 Ngf6 12. O-O-O Bd6 13. Ne4 Nxe4 14. Qxe4
Nf6 15. Qe2 Qc7 16. Ne5 O-O-O 17. c4 c5 18. Bc3 cxd4 19. Bxd4 Bxe5 20. Bxe5 Qc6
21. g4 Rxd1+ 22. Rxd1 Rd8 23. Rxd8+ Kxd8 24. f3 Ne8 25. Qd3+ Kc8 26. Kd2 f6 27.
Bg3 e5 28. Bf2 a6 29. Ke2 Nc7 30. Be3 Ne6 31. Kf2 Nc7 32. Qh7 Ne6 33. Qg8+ Kc7
34. Qf7+ Kc8 35. b3 Qd7 36. Qxd7+ Kxd7 37. Ke2 Nd8 38. Kd3 Ke6 39. Ke4 Nf7 40.
c5 Nd8 41. b4 Nc6 42. a3 Ne7 43. a4 Nd5 44. Bd2 b5 45. a5 Ne7 46. f4 exf4 47.
Bxf4 Nc6 48. Bd2 Ne5 49. Kf4 Nd3+ 50. Ke3 Ne5 51. Kf4 Nd3+ 52. Ke3 Ne5 53. Kf4
Nd3+ 54. Ke3 Ne5 1/2-1/2